| 000 | 00000nas 2200000za 4500 |
| 001 | 9.830154 |
| 003 | CaOODSP |
| 005 | 20221107145451 |
| 007 | cr ||||||||||| |
| 008 | 170109d19982001oncfr p o f0###b0fre|d |
| 022 | |a1702-9406 |
| 040 | |aCaOODSP|bfre |
| 043 | |an-cn--- |
| 086 | 1 |aCC212-3F-PDF |
| 130 | 0 |aValeur des terres agricoles (En ligne)|dValeur des terres agricoles (En ligne) |
| 210 | 0 |aVal. terres agric. |b(En ligne) |
| 222 | 0|aValeur des terres agricoles |b(En ligne) |
| 245 | 10|aValeur des terres agricoles |h[ressource électronique]. |
| 260 | |a[Ottawa] : |bSociété du crédit agricole, |c[1998-2001] |
| 310 | |aSemi-annuel |
| 362 | 1 |aParaît depuis printemps 1998; ne paraît plus après automne 2001. |
| 500 | |aPubl. aussi en anglais sous le titre : Farmland values. |
| 520 | |a« Depuis plus de 40 ans, Financement agricole Canada (FAC) concentre tous ses efforts dans le but d’aider les agriculteurs canadiens à atteindre leurs objectifs. Reconnaissant que la connaissance du marché est la clé du succès dans l’industrie agricole, FAC a créé le rapport Valeur des terres agricoles. Unique à FAC, ce rapport est la seule source de renseignements sur la valeur des terres agricoles disponible au Canada. Il est publié à tous les six mois »--automne 2001. |
| 550 | |aPubl. automne 2001 par Financement agricole Canada. |
| 692 | 07|2gccst|aTerre agricole |
| 692 | 07|2gccst|aValeurs |
| 710 | 2 |aFinancement agricole Canada. |
| 710 | 2 |aSociété du crédit agricole Canada. |
| 775 | 08|tFarmland values |w(CaOODSP)9.830135 |
| 785 | 00|tRapport valeur des terres agricoles |w(CaOODSP)9.830170 |